000 00277nam a2200121Ia 4500
008 190216s9999||||xx |||||||||||||| ||und||
100 _aKahan My & Jain P K
245 0 _aFinancial Management
260 _bNull
_c1982
300 _a759p
650 _aManagement
942 _cBK
999 _c6522
_d6522